000 00536nam a2200217Ia 4500
003 OSt
005 20220926044036.0
006 a|||||r|||| 00| 0
007 ta
008 220923b |||||||| |||| 00| 0 eng d
037 _cGeneral Book
040 _aRTL
_cRTL
_beng
041 _2eng
_aeng
082 _aY177A:1, K4
100 _aHostetler John A
_913313
245 0 _aAmish Society
260 _c1964
650 _aRed Indians
942 _hY177A:1, K4
_cGB
_2CC
999 _c673819
_d673819